Reptiles /

Guardado en:
Autor Corporativo: Videopedia Britannica.
Formato: Deslizar
Materias:
Etiquetas: Agregar Etiqueta
Sin Etiquetas, Sea el primero en etiquetar este registro!
LEADER 00892ngm a22002535g 4500
001 CEM.cems021588
008 130507b199?##################0###0#####d
005 20240829160106.0
245 1 0 |a Reptiles /  |c Videopedia Britannica. 
300 |a 18 
500 |a En soporte VHS, consultar en ventanilla. 
505 0 |a Características estructurales de los reptiles. Diferencias estructurales entre lagartos y serpientes. Reproducción en diversos tipos de serpientes. 
538 |a Soporte: VHS - Norma: Pal N - Color - Compra CEMS - Hitachi=0670 
110 2 |a Videopedia Britannica. 
082 5 9 |/ VID 
653 |a ZOOLOGIA 
653 |a REPTILES 
653 |a COMPORTAMIENTO ANIMAL 
653 |a REPRODUCCION ANIMAL 
653 |a LAGARTOS 
653 |a SERPIENTES 
653 |a ANIMALES 
653 |a NIVEL SECUNDARIO 
859 |a CEMS  |b BIB. CEMS - Depto. Recursos Didacticos  |h 591  |i VID  |k DRD  |p 231.12  |t Ej.1